01550 a2200217 4500003000500000005001700005040000900022082001700031100001600048245004900064260003900113300001000152505061700162650002200779942001200801999001900813952012500832952012500957952012501082952012501207Nust20221020120017.0 cNust a620.1054,RAM a Ramsey A.S aDaynamics Part. I & Part. II /cA .S.Ramsey aCambridgebUniversity Pressc1961. a342:p aIntroduction (Page-1), Vectors (Page-6), Rectilinear Motion Kinematics (Page-11), Rectilinear Motion Kinetics (Page-24), Kinematics in Two Dimensions (Page-52), Dynamical Problem in Two Dimensions (Page-63), Harmonic Motion (Page-83), Motion Under Constraint (Page-105), The Law of Reaction General Principles (Page-114), General Problems (Page-123), Impulsive Motion (Page-138), Polar Coordinates Orbits (Page-155), Moments of Inertia (Page-188), Motion Of Rigid Body Energy and Momentum (Page-197), Equations of Motion of Rigid Body (Page-208), Miscellaneous Problems (Page-231), Small Oscillations (Page-247)  aDaynamics9100971 2ddccBK c182853d182853 00102ddc4070aMCSbMCScGENd2016-12-12o620.1054,RAMpMCS6326r2016-12-08w2016-12-12yBKzAlmirah No.27, Shelf No.3 00102ddc4070aMCSbMCScGENd2016-12-12o620.1054,RAMpMCS6176r2016-12-08w2016-12-12yBKzAlmirah No.27, Shelf No.3 00102ddc4070aMCSbMCScGENd2016-12-12o620.1054,RAMpMCS6292r2016-12-08w2016-12-12yBKzAlmirah No.27, Shelf No.3 00102ddc4070aMCSbMCScGENd2016-12-12o620.1054,RAMpMCS6339r2016-12-08w2016-12-12yBKzAlmirah No.27, Shelf No.3